<?xml version="1.0" encoding="UTF-8"?>
<record
    xmlns:xsi="http://www.w3.org/2001/XMLSchema-instance"
    xsi:schemaLocation="http://www.loc.gov/MARC21/slim http://www.loc.gov/standards/marcxml/schema/MARC21slim.xsd"
    xmlns="http://www.loc.gov/MARC21/slim">

  <leader>01848nam a22002177a 4500</leader>
  <controlfield tag="008">160827s2011        enk||||| |||| 00| 0 eng d</controlfield>
  <datafield tag="020" ind1=" " ind2=" ">
    <subfield code="a">978094004161</subfield>
  </datafield>
  <datafield tag="082" ind1="0" ind2="4">
    <subfield code="a">707</subfield>
    <subfield code="b">O586c</subfield>
  </datafield>
  <datafield tag="100" ind1=" " ind2=" ">
    <subfield code="a">O'Neill, Paul.</subfield>
    <subfield code="9">5472</subfield>
  </datafield>
  <datafield tag="245" ind1="1" ind2="0">
    <subfield code="a">Curating subjects :</subfield>
    <subfield code="b">occasional table /</subfield>
    <subfield code="c">editado por Paul O'Neill.</subfield>
  </datafield>
  <datafield tag="250" ind1=" " ind2=" ">
    <subfield code="a">1a ed.</subfield>
  </datafield>
  <datafield tag="260" ind1=" " ind2=" ">
    <subfield code="a">London :</subfield>
    <subfield code="b">Open Editions,</subfield>
    <subfield code="c">2001.</subfield>
  </datafield>
  <datafield tag="300" ind1=" " ind2=" ">
    <subfield code="a">229 p.</subfield>
  </datafield>
  <datafield tag="505" ind1="0" ind2=" ">
    <subfield code="t">Introduction.</subfield>
    <subfield code="r">Paul O'Neill interviwed by Annie Fletcher.</subfield>
    <subfield code="t">The middleman: beginning to think about mediation</subfield>
    <subfield code="r">Soren Andreaen y Lars Bang Larsen.</subfield>
    <subfield code="t">Three spashots from the eighties: on group material</subfield>
    <subfield code="r">Julie Ault.</subfield>
    <subfield code="t">The unstable institution</subfield>
    <subfield code="r">Carlos Basualdo.</subfield>
    <subfield code="t">Inconsequential bayonets? a correspondence on curation, independence and collaboration</subfield>
    <subfield code="r">Dave Beech y Mark Hutchinson.</subfield>
    <subfield code="t">Creating shows: some notes on exhibition aesthetics at the end of the sixties</subfield>
    <subfield code="r">Irene Calderoni.</subfield>
    <subfield code="t">Baushaus Calcutta</subfield>
    <subfield code="r">Anshuman Das Gupta y Grant Watson.</subfield>
    <subfield code="t">Explore or educate?</subfield>
    <subfield code="r">Cl&#xE9;mentine Deliss.</subfield>
    <subfield code="t">Futures: experiment and the test of tomorrow </subfield>
    <subfield code="r">Eva Diaz.</subfield>
    <subfield code="t">Curating wrong places...or where have all the penguis gone?</subfield>
    <subfield code="r">Claire Doherty.</subfield>
    <subfield code="t">Curating beyond the canon </subfield>
    <subfield code="r">Okwui Enwezor interviewed by Paul O'Neill.</subfield>
    <subfield code="t">For a...functional utopia? a review of a position</subfield>
    <subfield code="r">Liam Gillick.</subfield>
    <subfield code="t">A certain tendency of curating</subfield>
    <subfield code="r">Jess Hoffmann.</subfield>
    <subfield code="t">To be read (once every two years)</subfield>
    <subfield code="r">Robert Nickas.</subfield>
    <subfield code="t">A protest against foregetting: an interview with Jean Leering</subfield>
    <subfield code="r">Sarah Pierce.</subfield>
    <subfield code="t">Constitutive effects: the tecchniques of the curator </subfield>
    <subfield code="r">Simon Pierce.</subfield>
    <subfield code="t">Grand illusions: the "new" museum of modern art</subfield>
    <subfield code="r">Mary Anne Staniszewski.</subfield>
    <subfield code="t">Making new</subfield>
    <subfield code="r">Andrew Wilson.</subfield>
    <subfield code="t">Curatorial moments and discursive turns</subfield>
    <subfield code="r">Mick Wilson.</subfield>
  </datafield>
  <datafield tag="653" ind1="1" ind2="0">
    <subfield code="a">Arte contempor&#xE1;neo</subfield>
  </datafield>
  <datafield tag="653" ind1="1" ind2="0">
    <subfield code="a">Arte - Sujetos</subfield>
  </datafield>
  <datafield tag="653" ind1="1" ind2="0">
    <subfield code="a">Curadur&#xED;a</subfield>
  </datafield>
  <datafield tag="653" ind1="1" ind2="0">
    <subfield code="a">Pr&#xE1;cticas curatoriales</subfield>
  </datafield>
  <datafield tag="653" ind1="1" ind2="0">
    <subfield code="a">Arte - Investigaci&#xF3;n</subfield>
  </datafield>
  <datafield tag="653" ind1="1" ind2="0">
    <subfield code="a">Arte - Educaci&#xF3;n</subfield>
  </datafield>
  <datafield tag="999" ind1=" " ind2=" ">
    <subfield code="c">1031</subfield>
    <subfield code="d">1031</subfield>
  </datafield>
  <datafield tag="952" ind1=" " ind2=" ">
    <subfield code="0">0</subfield>
    <subfield code="1">0</subfield>
    <subfield code="2">ddc</subfield>
    <subfield code="4">0</subfield>
    <subfield code="7">0</subfield>
    <subfield code="a">LV</subfield>
    <subfield code="b">LV</subfield>
    <subfield code="c">Monograf&#xED;as</subfield>
    <subfield code="d">2016-08-27</subfield>
    <subfield code="l">0</subfield>
    <subfield code="o">707 O586c</subfield>
    <subfield code="p">004217</subfield>
    <subfield code="r">2016-08-27 00:00:00</subfield>
    <subfield code="w">2016-08-27</subfield>
    <subfield code="y">01</subfield>
  </datafield>
</record>
